00535nam a2200157 450000500170000001000150001702000270003203500140005903700130007308200110008624500880009726000370018527000810022230000240030350000500032720191217125148.0 aENG-127164 a9788178245454c1595.00 aEN-110696 bDBAD/PUB a409.34 aA sabda reader :ced.by Johannes Bronkhorstblanguage in classical Indian thought / aRanikhet bPermanent Blackc2019 aHimalayana, Mall Road, Ranikhet CanttbRanikhet e263645mperblack@gmail.com aix;359p .c24cm(Hb) aIncludes bibliographical references and index